Konkurencieschopnosť slovenských poľnohospodárskych podnikov a vstup do EÚ

Analýza výkonnosti družstevných poľnohospodárskych podnikov v oblasti tvorby pridanej hodnoty. Komparácie rôzne triedených súborov podnikov umožňujú posúdiť vplyv prírodných podmienok, efektívnosti, zhodnocovania vstupov a úrovne vplyvu intenzifikačných procesov na ekonomickú prosperitu podnikov.

Salvato in:
Dettagli Bibliografici
Autore principale: Grznár, Miroslav
Altri autori: Szabo, Ľuboslav
Natura: Capitolo di libro
Lingua:slovacco
Soggetti:
Tags: Aggiungi Tag
Nessun Tag, puoi essere il primo ad aggiungerne!!

MARC

LEADER 00000naa a2200000 4500
001 r045014
005 20231004074158.2
041 0 |a slo 
044 |a SK 
245 1 0 |a Konkurencieschopnosť slovenských poľnohospodárskych podnikov a vstup do EÚ  |c Miroslav Grznár, Ľuboslav Szabo 
520 |a Analýza výkonnosti družstevných poľnohospodárskych podnikov v oblasti tvorby pridanej hodnoty. Komparácie rôzne triedených súborov podnikov umožňujú posúdiť vplyv prírodných podmienok, efektívnosti, zhodnocovania vstupov a úrovne vplyvu intenzifikačných procesov na ekonomickú prosperitu podnikov. 
610 2 0 |a poľnohospodárstvo 
610 2 0 |a družstvá 
610 2 0 |a konkurencieschopnosť 
610 2 0 |a hodnota pridaná 
610 2 0 |a efektívnosť 
610 2 0 |a Slovensko 
100 1 |a Grznár, Miroslav 
700 1 |a Szabo, Ľuboslav